| 000 | 00869cam a22002174a 4500 | ||
|---|---|---|---|
| 001 | 15635709 | ||
| 005 | 20231205020410.0 | ||
| 008 | 090224s2009 ce ab bs 001 0 eng | ||
| 020 | _a9789556591552 | ||
| 040 |
_aDLC _cDLC _dDLC |
||
| 082 |
_222 _a305.5. |
||
| 245 | 0 | 0 |
_aCasteless or caste-blind? : _bdynamics of concealed caste discrimination, social exclusion, and protest in Sri Lanka / _ceditors, Kalinga Tudor Silva, P.P. Sivapragasam, Paramsothy Thanges. |
| 260 |
_aCopenhagen : _bInternational Dalit Solidarity Network ; _aNew Delhi : Indian Institute of Dalit Studies ; _aColombo : _bKumaran Book House, _c2009. |
||
| 300 | _axviii, 180 p. : | ||
| 500 | _aIncludes statistical tables. | ||
| 650 | 0 | _aCaste-based discrimination | |
| 700 | 1 |
_aSilva, Kalinga Tudor, _eedt |
|
| 700 | 1 |
_aSivapragasam, P. P. _eedt |
|
| 700 | 1 |
_aThanges, Paramsothy. _eedt |
|
| 942 | _cL | ||
| 999 |
_c145 _d145 |
||